00548nam a2200157Ia 4500008004100000041001200041082001600053100001500069245005400084260003600138300001000174650001400184942000700198999001500205952017000220221030s9999 xx 000 0 und d aEnglish a105.23bSon aP. L. Soni 2aA Text Book of Inorganic Chemistrycby P. L. Soni bS..Chand & Co.aNew Delhic1984 a3.354 aChemistry cBK c8215d8215 pBE 6406g70.00l0o105.23 Sonr2024-06-13 00:00:00w2022-10-30yBK003Print4070aMIETLIBbMIETLIBcBL-Academic Block C, FL-2, CUP-88, SH-5, R-5d2003-02-0110HBE